| 000 -LEADER |
| fixed length control field |
00547nam a22001937a 4500 |
| 008 - FIXED-LENGTH DATA ELEMENTS--GENERAL INFORMATION |
| fixed length control field |
131009b xxu||||| |||| 00| 0 ger d |
| 020 ## - INTERNATIONAL STANDARD BOOK NUMBER |
| International Standard Book Number |
3528049510 |
| 041 0# - LANGUAGE CODE |
| Language code of text/sound track or separate title |
ger |
| 080 ## - UNIVERSAL DECIMAL CLASSIFICATION NUMBER |
| Universal Decimal Classification number |
007.52 |
| Common auxiliary subdivision |
(075.8) |
| 100 1# - Rafti |
| Rafti |
Hesse, Stefan |
| 245 10 - TITLE STATEMENT |
| Title |
Robotik : |
| Statement of responsibility, etc |
Stefan Hesse ; Günther Seitz |
| 260 ## - |
| -- |
Braunschweig : |
| -- |
Vieweg & Sohn ; |
| -- |
1996 |
| 300 ## - |
| -- |
171 f. : |
| -- |
me il. ; |
| -- |
23 cm. |
| 500 ## - |
| -- |
Vorwort f. : V |
| 650 #0 - |
| -- |
Robotët |
| 650 #0 - |
| -- |
Automatët |
| 700 1# - |
| -- |
Seitz, Günther |
| 942 ## - ADDED ENTRY ELEMENTS (KOHA) |
| Source of classification or shelving scheme |
|
| Item type |
Books |